| 000 | 00624nam a2200193Ia 4500 | ||
|---|---|---|---|
| 003 | GCL | ||
| 008 | 140319s9999 xx 000 0 ara d | ||
| 040 |
_aGCL / _cGCL |
||
| 082 | 0 | 4 |
_a551.5781 _bس ك |
| 100 | 1 | _aسامى نجيب | |
| 245 | 1 | 0 |
_aكارثة السيول : مواجهتها * تجنبها * استثمارها / _cسامى نجيب |
| 260 |
_aالقاهرة : _bمؤسسة الاهرام ، _c1994 |
||
| 300 |
_a240 ص ؛ _c20 سم |
||
| 490 |
_aكتاب الاهرام الاقتصادى _v82 |
||
| 650 | 0 | 4 | _aالامطار |
| 650 | 0 | 4 | _aالفيضانات |
| 650 | 0 | 4 | _aالسيول |
| 942 |
_2ddc _cBK |
||
| 999 |
_c44898 _d44898 |
||